000 00240nam a2200097Ia 4500
008 230907s9999||||xx |||||||||||||| ||und||
082 _a541.37,DEV
245 0 _aDevelopments in electrochemistry :
300 _axiv, 377 pages ;
942 _cBK
999 _c597634
_d597634